MARC

LEADER 00000nam0a2200000 4500
001 22398
005 20231101205503.0
010 |a 5020249262 
035 |a (RuTPU)RU\TPU\book\22611 
035 |a BOOK00000374 
090 |a 22398 
100 |a 20011209d2000 k y0rusy50 ca 
101 0 |a rus 
102 |a RU 
105 |a a z 001za 
200 1 |a Физика и жизнь  |f Ж. И. Алферов 
210 |a СПб.  |c Наука  |d 2000 
215 |a 255 с.  |c 125 ил. 
600 1 |a Алферов  |g Жорес Иванович  |b Ж. И.  |f 1930 -  |c российский физик  |c нобелевский лауреат  |c академик РАН  |2 stltpui  |3 (RuTPU)RU\TPU\pers\986 
610 1 |a физика 
610 1 |a полупроводники 
610 1 |a полупроводниковые приборы 
610 1 |a информационные технологии 
610 1 |a гетероструктуры 
675 |a 53  |v 3 
700 1 |a Алферов  |b Ж. И.  |c российский физик  |c нобелевский лауреат  |c академик РАН  |f 1930-  |g Жорес Иванович  |2 stltpui  |3 (RuTPU)RU\TPU\pers\986  |9 437 
801 0 |a RU  |b 63413507  |c 20011209  |g PSBO 
801 2 |a RU  |b 63413507  |c 20110928  |g PSBO 
942 |c BK